| 000 | 00588nam a2200181Ia 4500 | ||
|---|---|---|---|
| 003 | IN-BaIIA | ||
| 008 | 211028s9999 xx 000 0 eng d | ||
| 020 | _a978-01390-3419-0 | ||
| 040 | _cIIA Library | ||
| 080 |
_a519.68 _bKEN |
||
| 100 |
_aKennedy, Michael _96723 |
||
| 245 | 0 |
_aTen statement fortran plus fortran IV _bsensible, modular, and structured programming with WATFOR and WATFIV _cMichael Kennedy and Martin B. Solomon |
|
| 260 |
_aEnglewood Cliffs _bPrentice-Hall _c1970 |
||
| 300 | _axvi, 381p. | ||
| 650 | _aComputer Programming | ||
| 650 |
_aFortran IV _96724 |
||
| 942 | _cBK | ||
| 999 |
_c3785 _d3785 |
||